Derecho matrimonial católico / A. Knecht ; traducción de T. Gómez Pinán
Descripción Física:
644 p. ; 22'5 cm
Otros Autores:
Gómez Pinán, T.
Materias:
Matrimoni -- Dret i legislació
MARC
| LEADER | 00000nam a2200000Ia 4500 | ||
|---|---|---|---|
| 001 | 738 | ||
| 008 | 160829s1932 xx 000 0 cat d | ||
| 080 | |a D-1-75 | ||
| 100 | |a Knecht, A. |9 27877 | ||
| 245 | |a Derecho matrimonial católico / A. Knecht ; traducción de T. Gómez Pinán | ||
| 260 | |a Madrid : |b Ed. Revista de Derecho Privado, |c 1932 | ||
| 300 | |a 644 p. ; |c 22'5 cm | ||
| 490 | |a Biblioteca de la Revista de Derecho Privado. Serie B ; 17 | ||
| 650 | |a Matrimoni |x Dret i legislació |9 27878 | ||
| 700 | 1 | |a Gómez Pinán, T. |9 27879 | |
| 901 | |a Arxiu | ||
| 942 | |n 1 | ||
| 952 | |0 0 |1 0 |4 0 |6 D175 |7 1 |9 44580 |a Arxiu |b Arxiu |d 2016-12-01 |l 0 |o D-1-75 |p 738 |r 2016-12-01 00:00:00 |w 2016-12-01 |y ARXIU | ||
| 999 | |c 47161 |d 47161 | ||